000 002640000a22000970004500
100 1 _aPretiz, Paul E.
245 1 0 _aThe world comes to Spain
300 _aVol. 72, Num. 4 (Octubre-Diciembre, 1996), Páginas 18-19
773 0 _tLatin America Evangelist
942 _cANA
999 _c54667
_d54667